00297nam a2200121Ia 45000030006000000080041000060400015000471000035000622450040000972600009001375460012001460050017001580STCL150530s9999 xx 000 0 und d aSTCLcSTCL aMukerjee, N.C.; Mukerjee, N.M. aBotanical handbook No:3 Phanerogams c1952 aEnglish20220125170401.0